Building or bypassing recipient country system: Are donors defying the Paris Declaration (Record no. 106498)

000 -LEADER
fixed length control field 01261pab a2200169 454500
008 - FIXED-LENGTH DATA ELEMENTS--GENERAL INFORMATION
fixed length control field 180718b2014 xxu||||| |||| 00| 0 eng d
100 ## - MAIN ENTRY--PERSONAL NAME
Personal name Knack, Stephen
245 ## - TITLE STATEMENT
Title Building or bypassing recipient country system: Are donors defying the Paris Declaration
260 ## - PUBLICATION, DISTRIBUTION, ETC.
Date of publication, distribution, etc. 2014
300 ## - PHYSICAL DESCRIPTION
Extent p.839-854.
362 ## - DATES OF PUBLICATION AND/OR SEQUENTIAL DESIGNATION
Dates of publication and/or sequential designation Jun
520 ## - SUMMARY, ETC.
Summary, etc. The 2005 Paris Declaration committed donors to increased use of recipient country systems for managing aid, particularly in countries with higher-quality systems. Using indicators explicitly endorsed by the Paris Declaration and covering the 2005-2010 period, this study finds a positive, significant, and robust relationship between quality of systems and their use by donors. Thus, donors appear to have modified at least some of their aid practices in ways that build rather than undermine administrative capacity and accountability mechanisms in recipient countries. However, quality of systems explains a relatively small share of the variation in their use, and there is considerable heterogeneity among donors in their use of country systems, and in their sensitivity to quality of systems. - Reproduced.
650 ## - SUBJECT ADDED ENTRY--TOPICAL TERM
Topical term or geographic name entry element Development aid
773 ## - HOST ITEM ENTRY
Main entry heading Journal of Development Studies
908 ## - PUT COMMAND PARAMETER (RLIN)
Put command parameter N
909 ## -
-- 106503
Holdings
Withdrawn status Lost status Damaged status Not for loan Permanent Location Current Location Date acquired Serial Enumeration / chronology Barcode Date last seen Price effective from Koha item type
        Indian Institute of Public Administration Indian Institute of Public Administration 2018-07-19 Volume no: 50, Issue no: 6 AR106963 2018-07-19 2018-07-19 Articles

Powered by Koha